000
00290nam a22001217a 4500
003
SGT
082
_a
616.0757
_b
I17T
100
_a
TULI,ANITA
245
_a
ILLUSTRATED PRACTICAL MANUAL OF SURFACE AND RADIOLOGICAL ANATOMY
260
_a
INDIA
_b
JAYPEE
_c
2017
300
_a
243
942
_2
ddc
_c
BK
999
_c
14183
_d
14183